000 00338nam a2200133Ia 4500
008 240624s9999 xx 000 0 und d
041 _aeng
082 _a300.72 DAW
100 _aDAWSAN JEREMY
245 _aANALYSING QUANTITATIVE SURVEY DATA FOR B
260 _c2017
_aNew Delhi
_bsage
300 _ax, 88 p.; 24 cm.
365 _cBPS
_b32
999 _c29859
_d29859